| 000 | 00529ntaaa2200193 4500 | ||
|---|---|---|---|
| 003 | 01 | ||
| 005 | 20251027202309.0 | ||
| 008 | 0714s1973 ag 01 | ||
| 040 |
_aAR-BaBN _bspa _cAR-BaBN _eaacr _dRIC |
||
| 082 | _a278.0000 M76 | ||
| 100 |
_aMonti, Daniel P _913181 |
||
| 245 | _aPresencia del protestantismo en el Río de la Plata durante el siglo XIX | ||
| 250 | _a1 ed. | ||
| 260 |
_aBuenos Aires : _bAurora, _cc1969 |
||
| 300 | _a261 p | ||
| 500 | _aFalta ej. 1 (27873), 1988 | ||
| 650 |
_aprotestantismo _9315 |
||
| 942 | _cBK | ||
| 999 |
_c17762 _d17762 |
||